书目信息 |
| 题名: |
中国辨伪学史
|
|
| 作者: | 杨绪敏 著 | |
| 分册: | ||
| 出版信息: | 天津 天津人民出版社 2007 |
|
| 页数: | 344页 | |
| 开本: | 21cm | |
| 丛书名: | ||
| 单 册: | ||
| 中图分类: | G256.22 , K204 | |
| 科图分类: | ||
| 主题词: | 辨伪--历史--中国 , 辨伪 | |
| 电子资源: | ||
| ISBN: | 978-7-201-03267-2 | |
| 000 | 00843nam0 2200265 450 | |
| 001 | 1260192427 | |
| 005 | 20121005164350.34 | |
| 010 | @a978-7-201-03267-2@dCNY26.00 | |
| 100 | @a20070104d2007 em y0chiy50 ea | |
| 101 | 0 | @achi |
| 102 | @aCN@b120000 | |
| 105 | @ay z 000yd | |
| 200 | 1 | @a中国辨伪学史@Azhong guo bian wei xue shi@e历史大视野@f杨绪敏著 |
| 205 | @a2版@b修订版 | |
| 210 | @a天津@c天津人民出版社@d2007 | |
| 215 | @a344页@d21cm | |
| 330 | @a本书书是一部全面论述中国古代文献学发展历史的论著,其中也涉及了历代辨伪的主要人物及成就,还吸收了国内外专家学者的研究成果。 | |
| 517 | 1 | @a历史大视野@Ali shi da shi ye |
| 606 | 0 | @a辨伪@x历史@y中国 |
| 606 | 0 | @a辨伪 |
| 690 | @aG256.22@v4 | |
| 690 | @aK204@v4 | |
| 701 | 0 | @a杨绪敏@Ayang xu min@f(1953.1~)@4著 |
| 801 | 0 | @aCN@bNLC@c20101222 |
| 905 | @a10447@dG256.22@eJY115 | |
| 中国辨伪学史:历史大视野/杨绪敏著.-2版,修订版.-天津:天津人民出版社,2007 |
| 344页;21cm |
| ISBN 978-7-201-03267-2:CNY26.00 |
| 本书书是一部全面论述中国古代文献学发展历史的论著,其中也涉及了历代辨伪的主要人物及成就,还吸收了国内外专家学者的研究成果。 |
| ● |
| 相关链接 |
|
|
|
|
正题名:中国辨伪学史
索取号:G256.22/JY115
 
预约/预借
| 序号 | 登录号 | 条形码 | 馆藏地/架位号 | 状态 | 备注 |
| 1 | 7814801 | 278148014 | 学院路分馆/ [索取号:G256.22/JY115] | 在馆 | |
| 2 | 7814802 | 278148023 | 学院路分馆/ [索取号:G256.22/JY115] | 在馆 |